[Event "BL 2016-17"]
[Site "Germany"]
[Date "2017.02.19"]
[Round "8.5"]
[White "Commercon, Simon"]
[Black "Kolbus, Dietmar"]
[Result "1/2-1/2"]
[WhiteElo "2290"]
[BlackElo "2308"]
[Annotator "TA RC"]
[PlyCount "101"]
[EventDate "2017.??.??"]
[EventType "team-tourn"]
[EventCountry "GER"]
[SourceTitle "playchess.com"]
[Source "ChessBase"]
[SourceQuality "1"]
[WhiteTeam "Speyer-Schwegenheim"]
[BlackTeam "SG Trier"]
[TimeControl "40/6000+30:3000+30"]

1. d4 {[%emt 0:00:30]} Nf6 {[%emt 0:01:00]} 2. g3 {[%emt 0:00:00]} g6 {[%emt 0:00:30]} 3. Bg2 {[%emt 0:00:00]} d5 {[%emt 0:00:30]} 4. Nf3 {[%emt 0:00:30]} Bg7 {[%emt 0:00:00]} 5. c4 {[%emt 0:00:30]} dxc4 {[%emt 0:01:00]} 6. Qc2 {[%emt 0:01:30]} O-O {[%emt 0:01:30]} 7. Qxc4 {[%emt 0:03:30]} c6 {[%emt 0:03:30]} 8. O-O {[%emt 0:01:30]} Na6 {[%emt 0:02:30]} 9. Bf4 {[%emt 0:05:30]} Be6 {[%emt 0:02:30]} 10. Qc1 {[%emt 0:00:30]} Bd5 {[%emt 0:02:30]} 11. Be5 {[%emt 0:01:30]} Nb8 {[%emt 0:02:30]} 12. Nc3 {[%emt 0:01:30]} Nbd7 {[%emt 0:00:30]} 13. Bf4 {[%emt 0:02:30]} Rc8 {[%emt 0:03:30]} 14. Qb1 {[%emt 0:14:30]} Bc4 {[%emt 0:01:30]} 15. Re1 {[%emt 0:02:30]} Nd5 {[%emt 0:00:30]} 16. Bd2 {[%emt 0:01:30]} Nxc3 {[%emt 0:03:30]} 17. bxc3 {[%emt 0:00:30]} Ba6 {[%emt 0:07:30]} 18. Bh3 {[%emt 0:12:30]} Ra8 {[%emt 0:02:30]} 19. e4 {[%emt 0:01:30]} Nb6 {[%emt 0:11:30]} 20. e5 {[%emt 0:03:30]} Qd5 {[%emt 0:08:30]} 21. Bg2 {[%emt 0:03:30]} c5 22. Ng5 {[%emt 0:08:30]} Qc4 {[%emt 0:09:00]} 23. Qe4 {[%emt 0:09:30]} cxd4 {[%emt 0:05:30]} 24. cxd4 {[%emt 0:00:30]} Rfd8 {[%emt 0:05:30]} 25. Be3 {[%emt 0:01:30]} Nd5 {[%emt 0:01:30]} 26. Rec1 {[%emt 0:03:30]} Qd3 {[%emt 0:04:30]} 27. Rc5 {[%emt 0:13:25]} Nxe3 {[%emt 0:07:30]} 28. fxe3 {[%emt 0:00:59]} Qxe4 {[%emt 0:05:04]} 29. Nxe4 {[%emt 0:03:16]} f6 {[%emt 0:00:16]} 30. exf6 {[%emt 0:00:15]} exf6 {[%emt 0:00:14]} 31. Rc7 {[%emt 0:00:42]} Rac8 {[%emt 0:03:58]} 32. Rac1 {[%emt 0:02:08]} b6 {[%emt 0:01:39]} 33. Kf2 {[%emt 0:00:14]} h6 {[%emt 0:06:43]} 34. Nd2 {[%emt 0:02:11]} f5 {[%emt 0:03:57]} 35. Nb3 {[%emt 0:00:35]} Rxc7 {[%emt 0:00:40]} 36. Rxc7 {[%emt 0:00:06]} Rc8 {[%emt 0:00:10]} 37. Bd5+ {[%emt 0:03:38]} Kh7 {[%emt 0:00:06]} 38. Rxa7 {[%emt 0:01:19]} Rc2+ {[%emt 0:00:05]} 39. Ke1 {[%emt 0:03:37]} Rxa2 {[%emt 0:01:45]} 40. Bc4 {[%emt 0:01:47]} Bxc4 {[%emt 0:52:04]} 41. Rxa2 {[%emt 0:50:04]} Bxb3 {[%emt 0:00:06]} 42. Rb2 {[%emt 0:00:06]} Bd5 {[%emt 0:00:17]} 43. Rxb6 {[%emt 0:00:13]} Bf8 {[%emt 0:01:17]} 44. Kd2 {[%emt 0:00:00]} Kg7 {[%emt 0:00:00]} 45. Kd3 {[%emt 0:00:00]} Kf7 {[%emt 0:00:00]} 46. Kc3 {[%emt 0:00:00]} h5 {[%emt 0:00:00]} 47. Ra6 {[%emt 0:00:00]} Be7 {[%emt 0:00:00]} 48. Kd3 {[%emt 0:00:00]} Bf8 {[%emt 0:00:00]} 49. Rb6 {[%emt 0:00:00]} Be7 {[%emt 0:00:00]} 50. Ra6 {[%emt 0:00:00]} Bf8 {[%emt 0:00:00]} 51. Rb6 {[%emt 0:00:00]} 1/2-1/2

[Event "BL 2016-17"]
[Site "Germany"]
[Date "2017.02.19"]
[Round "8.6"]
[White "Cioara, Andrei-Nestor"]
[Black "Mager, Denis"]
[Result "1-0"]
[WhiteElo "2442"]
[BlackElo "2320"]
[Annotator "TA RC"]
[PlyCount "71"]
[EventDate "2017.??.??"]
[EventType "team-tourn"]
[EventCountry "GER"]
[SourceTitle "playchess.com"]
[Source "ChessBase"]
[SourceQuality "1"]
[WhiteTeam "SG Trier"]
[BlackTeam "Speyer-Schwegenheim"]
[TimeControl "40/6000+30:3000+30"]

1. e4 {[%emt 0:00:30]} c5 {[%emt 0:01:00]} 2. Nf3 {[%emt 0:00:00]} d6 {[%emt 0:00:00]} 3. c3 {[%emt 0:00:00]} Nf6 {[%emt 0:01:00]} 4. Be2 {[%emt 0:00:00]} g6 {[%emt 0:08:30]} 5. O-O {[%emt 0:00:00]} Bg7 {[%emt 0:00:30]} 6. Bb5+ {[%emt 0:00:30]} Bd7 {[%emt 0:02:30]} 7. Bxd7+ {[%emt 0:00:30]} Nbxd7 {[%emt 0:08:30]} 8. Re1 {[%emt 0:00:30]} O-O {[%emt 0:07:30]} 9. d4 {[%emt 0:00:30]} e5 {[%emt 0:07:30]} 10. Bg5 {[%emt 0:11:30]} h6 {[%emt 0:02:30]} 11. Bh4 {[%emt 0:08:30]} Qe7 {[%emt 0:05:30]} 12. Na3 {[%emt 0:12:30]} a6 {[%emt 0:08:30]} 13. Nc4 {[%emt 0:08:30]} b5 {[%emt 0:03:30]} 14. Ne3 {[%emt 0:08:30]} Qe6 {[%emt 0:04:30]} 15. dxc5 {[%emt 0:11:30]} dxc5 {[%emt 0:00:30]} 16. Qc2 {[%emt 0:00:30]} Nb6 {[%emt 0:03:30]} 17. Red1 {[%emt 0:05:30]} Rfd8 {[%emt 0:02:30]} 18. b3 {[%emt 0:00:30]} c4 {[%emt 0:03:30]} 19. Nd2 {[%emt 0:06:30]} Rd6 {[%emt 0:05:30]} 20. bxc4 {[%emt 0:01:30]} bxc4 $14 {[%emt 0:00:30]} 21. a4 {[%emt 0:13:10]} a5 {[%emt 0:00:30]} 22. Rdb1 {[%emt 0:00:13]} Rad8 {[%emt 0:11:30]} 23. Ndf1 {[%emt 0:00:07]} Rd3 {[%emt 0:09:50]} 24. f3 {[%emt 0:00:30]} R8d6 {[%emt 0:02:25]} 25. Rb5 {[%emt 0:01:46]} Nfd7 {[%emt 0:01:23]} 26. Rxa5 {[%emt 0:04:33]} f5 {[%emt 0:00:48]} 27. Rb5 {[%emt 0:01:48]} Nf6 {[%emt 0:02:56]} 28. Bxf6 {[%emt 0:04:48]} Bxf6 {[%emt 0:00:48]} 29. a5 {[%emt 0:00:04]} Nd7 {[%emt 0:01:03]} 30. Nd5 {[%emt 0:00:18]} Bg5 {[%emt 0:02:05]} 31. Nc7 {[%emt 0:04:40]} Qf7 {[%emt 0:00:44]} 32. a6 {[%emt 0:00:03]} Nb6 {[%emt 0:02:28]} 33. Rxb6 {[%emt 0:01:27]} Rxb6 {[%emt 0:01:45]} 34. a7 {[%emt 0:00:21]} Rd8 {[%emt 0:00:30]} 35. a8=Q {[%emt 0:00:22]} Rxa8 {[%emt 0:00:27]} 36. Rxa8+ {[%emt 0:00:11]} 1-0

[Event "BL 2016-17"]
[Site "Germany"]
[Date "2017.02.19"]
[Round "8.6"]
[White "Braga, Fernando"]
[Black "Movsesian, Sergei"]
[Result "0-1"]
[WhiteElo "2414"]
[BlackElo "2679"]
[Annotator "TA"]
[PlyCount "82"]
[EventDate "2017.??.??"]
[EventType "team-tourn"]
[EventCountry "GER"]
[SourceTitle "playchess.com"]
[Source "ChessBase"]
[SourceQuality "1"]
[WhiteTeam "Aufwärts Aachen"]
[BlackTeam "Baden-Baden"]

{[%evp 14,82,9,-4,23,-22,-22,-30,-34,-35,-28,-33,0,0,28,20,18,12,6,-14,26,0,0,-15,-25,-28,-22,-27,-38,-50,-51,-20,52,24,54,0,0,-16,-50,-133,0,0,0,0,27,0,19,20,81,71,79,-87,101,106,89,83,98,0,0,0,0,0,0,-470,-470,-6087,-5478,-5485,-5306,-5297,-5297]} 1. c4 e5 2. g3 Nc6 3. Bg2 d6 4. Nc3 Be6 5. d3 Qd7 6. e3 g6 7. b3 Bg7 8. Bb2 {LiveBook: 3 Games} Nf6 9. Nge2 Bh3 10. O-O {The position is equal.} h5 11. Bxh3 Qxh3 12. f3 Ne7 13. e4 c6 14. Kh1 Rd8 15. Qc2 O-O 16. Rad1 Nh7 17. Na4 b5 18. cxb5 cxb5 19. Nac3 Qc8 {Threatens to win with ...b4.} 20. Qd2 Qb7 21. d4 b4 22. Na4 Nc6 (22... f5 $11 23. dxe5 dxe5 24. Qxd8 Rxd8 25. Rxd8+ Nf8 26. exf5 Nxf5) 23. d5 $36 {[%mdl 2048] White has the initiative.} Ne7 24. f4 (24. Nc1 $14) 24... Nf6 25. fxe5 Nxe4 26. Qd3 ({Better is} 26. Qe3 $1 $15 Nc3 27. Nexc3 (27. Naxc3 bxc3 28. Nxc3 Bxe5 $11) 27... bxc3 28. Nxc3 (28. Bxc3 dxe5 29. Nc5 Qb5 $17)) 26... Nc3 (26... Ng5 $1 $17 27. h4 Ne6 28. exd6 Rxd6) 27. Bxc3 $11 bxc3 28. exd6 ({Much weaker is} 28. Naxc3 dxe5 29. Kg2 Rd6 $17) 28... Nf5 29. Naxc3 Nxd6 ({Much worse is} 29... Rxd6 $6 30. Ne4 Rb6 31. Nf4 $16) 30. Nd4 Qd7 (30... Bxd4 $11 31. Qxd4 Rfe8) 31. Nc6 $16 Rde8 {[#]} 32. Qf3 $2 {[#]} (32. Na4 $1 $16) 32... h4 $2 (32... Bxc3 $1 $17 {and life is bright.} 33. Qxc3 Re2) 33. gxh4 Nf5 34. Ne4 {And now h5 would win.} Nxh4 35. Nf6+ (35. Qd3 $16) 35... Bxf6 $1 $11 36. Qxf6 Qg4 {[%csl Gh4][%cal Rg4g2]} 37. Rd2 {Hoping for Ne7+.} Re3 {Strongly threatening ...Qe4+.} (37... Qe4+ $5 38. Kg1 $8 Qg4+ 39. Kh1 Qe4+ 40. Kg1 Qg4+ 41. Kh1 $11) 38. Ne7+ $2 {[%mdl 8192]} (38. Rdf2 $11 {and White has nothing to worry.}) 38... Kh7 $19 {White must now prevent ...Qe4+.Black is clearly winning.} 39. d6 (39. Rdf2 $142 Rf3 40. Qxf3 Nxf3 41. Rxf3) 39... Qe4+ 40. Kg1 Nf3+ 41. Rxf3 Rxf3 0-1

[Event "BL 2016-17"]
[Site "Germany"]
[Date "2017.02.19"]
[Round "8.7"]
[White "Meier, Georg"]
[Black "Braun, Christian"]
[Result "1-0"]
[WhiteElo "2630"]
[BlackElo "2354"]
[Annotator "TA"]
[PlyCount "133"]
[EventDate "2017.??.??"]
[EventType "team-tourn"]
[EventCountry "GER"]
[SourceTitle "playchess.com"]
[Source "ChessBase"]
[SourceQuality "1"]
[WhiteTeam "Baden-Baden"]
[BlackTeam "Aufwärts Aachen"]

{[%evp 12,133,25,24,19,24,25,19,33,20,27,5,14,4,34,25,45,12,18,0,8,0,31,0,7,0,2,6,27,33,43,31,43,23,47,0,4,13,8,5,5,5,8,0,19,20,20,22,20,20,19,10,19,14,13,13,16,18,23,30,15,0,0,0,0,0,0,0,0,0,4,3,24,24,58,58,58,58,58,58,58,64,62,54,240,246,279,279,279,279,304,151,151,156,156,151,235,235,203,201,279,279,707,645,1061,781,580,580,29969,29970,29975,29976,29976,29975,29975,29978,29977,29978,29973,29979,29988,29989,29989,29990]} 1. Nf3 Nf6 2. g3 g6 3. Bg2 Bg7 4. O-O O-O 5. d4 d5 6. c4 dxc4 7. Na3 Na6 8. Nxc4 c5 9. b3 Bf5 10. Bb2 Be4 11. Qd2 b6 12. Rac1 Qb8 13. Rfd1 Qb7 14. Qe1 Rfd8 15. Qf1 cxd4 16. Bxd4 Nc7 17. Ncd2 Bd5 18. Bh3 Nb5 19. Be5 Ne4 20. Bxg7 Kxg7 21. Nxe4 Bxe4 22. Qe1 Rxd1 23. Qxd1 Qd5 24. Qxd5 Bxd5 25. Bd7 Nd6 26. Nd4 a5 27. f3 f5 28. Rc7 Ne8 29. Bxe8 Rxe8 $11 {[%mdl 4096] Endgame KRB-KRN} 30. Rd7 Ba8 31. Ne6+ Kf7 32. Ng5+ Kg7 33. Kf2 h6 34. Ne6+ Kf7 35. Nd8+ Kf6 36. a3 g5 37. b4 axb4 38. axb4 g4 39. fxg4 fxg4 40. Ke3 Ke5 41. b5 Bd5 42. Nc6+ Ke6 43. Rb7 Kd6 44. Rxb6 {Threatens to win with Nb4+.} Kc5 45. Rb7 Bxc6 46. bxc6 Kxc6 $14 {KR-KR} 47. Ra7 h5 $2 {[#]} ({Better is} 47... Kb6 $14 48. Ra4 h5) 48. Ra6+ $18 Kd5 49. Ra5+ Ke6 50. Rxh5 Rf8 {[#]} 51. Ke4 (51. Rh4 $1 $18) 51... Rf2 $16 52. Rh8 Kf7 53. Ke3 Rg2 (53... Rf5 $16 54. Rh4 Re5+ 55. Kd3 Rg5) 54. Kf4 $18 Rxe2 55. Kxg4 Rf2 56. h4 e5 $2 (56... Kg7 57. Rb8 Re2) 57. Ra8 Ke6 58. h5 e4 59. Re8+ Kd5 60. h6 {White mates.} Rh2 61. Kg5 Kd4 62. g4 e3 63. Kg6 e2 64. h7 Kd3 65. Kg7 Rg2 66. h8=Q Rxg4+ 67. Kf6 1-0

[Event "BL 2016-17"]
[Site "Germany"]
[Date "2017.02.19"]
[Round "8.8"]
[White "Van Foreest, Lucas"]
[Black "Gustafsson, Jan"]
[Result "1/2-1/2"]
[WhiteElo "2453"]
[BlackElo "2626"]
[Annotator "TA"]
[PlyCount "98"]
[EventDate "2017.??.??"]
[EventType "team-tourn"]
[EventCountry "GER"]
[SourceTitle "playchess.com"]
[Source "ChessBase"]
[SourceQuality "1"]
[WhiteTeam "Aufwärts Aachen"]
[BlackTeam "Baden-Baden"]

{[%evp 14,98,28,19,25,18,27,0,0,-8,0,-25,-18,-32,-22,-35,-33,-34,-20,-59,-54,-54,-57,-81,-36,-45,-16,-98,-100,-97,-96,-135,-24,-23,-27,-61,-3,-73,0,-7,0,0,0,-33,0,-29,-16,-5,0,0,0,0,0,-113,-112,-107,-120,-101,-95,-108,-104,-97,-118,-141,-86,-106,-33,-72,-28,-28,-8,-16,-8,-9,-9,-18,-9,-9,-9,-15,0,0,0,0,0,0,0]} 1. e4 e5 2. Nf3 Nc6 3. Bc4 Bc5 4. O-O Nf6 5. d3 O-O 6. h3 d5 7. exd5 Nxd5 8. Re1 {LiveBook: 8 Games} Be6 9. Nbd2 Bb6 10. Bb3 {White has an edge.} f6 11. Nc4 Qd7 12. Qe2 Rad8 13. c3 Rfe8 14. Nxb6 cxb6 15. Bc2 Kh8 16. Kh1 Bf5 17. Kg1 g5 18. Nh2 Nf4 19. Bxf4 $1 exf4 20. Qh5 (20. Qf1 $11 {keeps the balance.}) 20... Rxe1+ $17 21. Rxe1 Bg6 ({But not} 21... Bxd3 $2 22. Rd1 $18) 22. Qg4 Bxd3 ({Better is} 22... Qxg4 $17 23. Nxg4 Kg7) 23. Bxd3 $11 Qxd3 24. h4 Qg6 (24... h6 $15) 25. Nf3 {[%cal Rh4g5]} Rg8 (25... h5 $17 26. Qe6 Kg7) 26. h5 Qf7 {Threatens to win with ...f5.} 27. Qf5 h6 28. Nd4 Rd8 29. Re6 Kg7 $36 {[%mdl 2048] White is under pressure.} 30. Qe4 Kh8 31. f3 Nxd4 32. Re7 {[#]} Ne2+ $1 {[%mdl 512]} 33. Kf2 {[#]} (33. Qxe2 $11 {was the only way to keep the balance.} Qd5 34. c4 Qd1+ 35. Qxd1 Rxd1+ 36. Kh2) 33... Ng3 $1 $17 {[%mdl 512] ( -> ...Rd1)} 34. Rxf7 {[%csl Gf7][%cal Re4h7]} Rd2+ 35. Ke1 {[%csl Gf7][%cal Re4h7]} Nxe4 36. fxe4 ({Don't take} 36. Rxb7 $2 Rxg2 37. fxe4 Kg8 38. Rxa7 Rxb2 $19) 36... Rxg2 37. Rxf6 {[%mdl 4096] Endgame KR-KR} ({Wrong is} 37. Rxb7 $2 Kg8 38. Rxa7 Rxb2 $19) 37... Kg7 38. Rg6+ Kf7 ({Black should play} 38... Kh7 39. e5 Rxb2) 39. Rxh6 Rh2 (39... Rxb2 $17 {And now ...g4 would win.} 40. Rg6 Rg2) 40. e5 Ke7 41. Kf1 g4 42. Rf6 {The position is equal.} f3 43. Rg6 Rxh5 {White must now prevent ...Rh1+.} 44. Rxg4 Rxe5 45. Rg7+ Kd6 46. Rxb7 Re2 47. Rxa7 Rxb2 48. Rf7 Rxa2 49. Rxf3 Kc5 1/2-1/2

[Event "BL 2016-17"]
[Site "Germany"]
[Date "2017.02.19"]
[Round "8.9"]
[White "Neiksans, Arturs"]
[Black "Erdos, Viktor"]
[Result "1/2-1/2"]
[WhiteElo "2620"]
[BlackElo "2597"]
[Annotator "TA"]
[PlyCount "154"]
[EventDate "2017.??.??"]
[EventType "team-tourn"]
[EventCountry "GER"]
[SourceTitle "playchess.com"]
[Source "ChessBase"]
[SourceQuality "1"]
[WhiteTeam "Speyer-Schwegenheim"]
[BlackTeam "SG Trier"]

{[%evp 12,154,20,26,68,70,67,70,87,69,79,81,87,75,81,92,81,75,80,79,84,90,96,96,84,91,102,53,93,87,96,93,96,96,95,94,98,98,89,95,84,89,96,94,88,81,117,89,112,95,99,68,68,64,158,158,145,127,205,202,191,176,176,163,164,135,164,135,163,153,170,163,214,135,128,135,149,150,170,135,135,135,135,120,135,135,163,135,135,135,120,120,257,257,216,102,120,120,120,120,116,32,32,32,32,32,32,0,0,0,0,0,0,0,0,0,0,0,0,0,0,0,0,0,0,0,0,0,0,0,0,0,0,0,0,0,0,0,0,0,0,0,0,0,0]} 1. c4 c6 2. Nf3 d5 3. e3 Nf6 4. b3 Bg4 5. Bb2 e6 6. Be2 Bd6 7. h3 {LiveBook: 5 Games} Bf5 8. g4 {[%cal Bg2g4,Bg4g5][%mdl 32]} Bxb1 9. Qxb1 {White is slightly better.} Nbd7 10. Qc2 Qe7 11. cxd5 cxd5 12. g5 Ne4 13. Bxg7 Rg8 14. Bb2 Nxg5 15. Nxg5 Qxg5 16. Qxh7 Ke7 17. Qh5 Qxh5 18. Bxh5 Rac8 19. Bc3 b5 20. Be2 b4 21. Bd4 e5 22. Bb2 Rc2 23. Rb1 e4 24. Kd1 Rc5 25. a3 bxa3 26. Bxa3 Ra5 27. Bxd6+ Kxd6 28. h4 {[%cal Bh3h4,Bh4h5][%mdl 32]} Ra2 29. Ke1 Rg6 30. h5 Rh6 31. Rh4 Ne5 32. b4 Nf3+ (32... Ke7 $14) 33. Bxf3 $1 $16 exf3 {[%mdl 4096] Endgame KRR-KRR} 34. Rh3 Ke6 (34... d4 $16 {keeps fighting.}) 35. Rc1 $18 (35. Rxf3 Rxh5 36. Ke2 d4 37. exd4 Rh4 38. d5+ Ke5 $16) 35... Ra6 36. Rxf3 Rxh5 37. Rc7 f6 38. b5 Rb6 39. Rf4 Rh1+ 40. Ke2 Ra1 ({Wrong is} 40... Rxb5 $2 41. Rc6+ (41. Rxa7 Rhb1 42. Rh7 Rb8 $18) 41... Ke7 42. Rcxf6) 41. Rh4 Kd6 ({But not} 41... Rxb5 42. Rc6+ Kf7 43. Rh6) (41... Ra5 {might work better.} 42. Rhh7 Ra2 43. Rce7+ Kd6 44. Rd7+ Kc5 45. Rxa7 Rxa7 46. Rxa7 Kxb5) 42. Rf7 Ke6 43. Rf8 Ra2 44. Rh6 Ke7 45. Ra8 Rxb5 46. Rh7+ Ke6 {intending ...Rbb2.} 47. Raxa7 Rxa7 48. Rxa7 $16 {KR-KR} Rb6 49. Kf3 Rb2 50. Ra6+ Ke7 51. Ke2 Rb3 (51... Rb4 $16 52. Kf3 Re4 53. Ra7+ Kd6) 52. f4 $18 Rb4 53. Kd3 (53. f5 $18 {is the precise move to win.}) 53... Rc4 54. f5 {Strongly threatening Re6+.} Re4 {[#]} 55. Ra7+ $1 Ke8 56. Ra1 (56. Ra5 $16) 56... Ke7 $14 57. Ke2 {And now d4 would win.} Re5 $1 58. Rf1 {Threatens to win with d4.} d4 $1 59. Rf4 dxe3 {The position is equal.} 60. d4 Ra5 61. Kxe3 Kd6 62. Ke4 Ra1 63. Rf3 Rh1 64. Rb3 Re1+ 65. Kd3 {Black should prevent Rb6+.} Rd1+ 66. Ke3 Re1+ 67. Kd2 Rf1 68. Rb5 Rf3 69. Ke2 Ra3 70. Kf2 Rc3 71. Kg2 Ra3 72. Rb6+ Kd5 73. Rxf6 Kxd4 74. Re6 Ra5 75. Rf6 Ke4 76. Kg3 {[#] aiming for Kg4.} Rxf5 77. Rxf5 Kxf5 1/2-1/2

[Event "BL 2016-17"]
[Site "Germany"]
[Date "2017.02.19"]
[Round "8.10"]
[White "Lupulescu, Constantin"]
[Black "Feller, Sebastien"]
[Result "1/2-1/2"]
[WhiteElo "2620"]
[BlackElo "2574"]
[Annotator "TA"]
[PlyCount "63"]
[EventDate "2017.??.??"]
[EventType "team-tourn"]
[EventCountry "GER"]
[SourceTitle "playchess.com"]
[Source "ChessBase"]
[SourceQuality "1"]
[WhiteTeam "SG Trier"]
[BlackTeam "Speyer-Schwegenheim"]

{[%evp 26,63,9,6,21,14,16,9,24,15,32,2,16,16,9,9,11,9,40,33,37,26,27,23,14,7,60,28,33,1,23,0,0,0,0,-7,0,0,0,0]} 1. d4 d5 2. c4 c6 3. Nf3 Nf6 4. e3 Bf5 5. Nc3 e6 6. Nh4 Be4 7. f3 Bg6 8. Qb3 Qc7 9. Bd2 Be7 10. g3 O-O 11. Nxg6 hxg6 12. Rc1 dxc4 13. Bxc4 Nbd7 14. O-O {LiveBook: 5 Games} e5 15. dxe5 Nxe5 16. Be2 Rad8 17. Rcd1 b5 18. Bc1 Ned7 {[%cal Be5d7,Bd7b6,Bb6c4][%mdl 32]} 19. Qc2 Qb6 20. Kg2 Qc5 {[#] ...b4 is the strong threat.} 21. Qb3 Nb6 22. e4 a5 {White must now prevent ...a4.} 23. a3 a4 24. Qc2 Nc4 25. f4 Nd7 ({Better is} 25... Rfe8 $11) 26. Bf3 Ndb6 27. Rfe1 Rxd1 28. Rxd1 Ne3+ {The position is equal.} 29. Bxe3 $1 Qxe3 30. Be2 Qc5 31. Rd2 Rd8 32. Rxd8+ 1/2-1/2